The Real Housewives of Miami Cast Members - Statistics

General Stats
  • This quiz has been taken 6 times
  • The average score is 6 of 15
Answer Stats
Seasons Appearing Real Housewife % Correct
Seasons 1-3; Friend of Seasons 4-7 Adriana de Moura
100%
Seasons 1 & 4-7 Larsa Pippen
60%
Seasons 1-3; Guest Season 5 Lea Black
60%
Seasons 1-2; Friend of Seasons 3-7 Marysol Patton
60%
Season 2; Friend of Season 3; Guest Season 6 Ana Quincoces
40%
Season 1 Cristy Rice
40%
Seasons 2-3 Joanna Krupa
40%
Seasons 2-7 Lisa Hochstein
40%
Seasons 1 & 3-7; Friend of Season 2 Alexia Nepola
20%
Seasons 4-7 Guerdy Abraira
20%
Seasons 4-7 Julia Lemigova
20%
Season 2; Guest Season 3 Karent Sierra
20%
Friend of Seasons 4-7 Kiki Barth
20%
Seasons 4-6; Guest Season 7 Nicole Martin
20%
Season 7 Stephanie Shojaee
20%
No matching quizzes found
Score Distribution
Percent of People with Each Score
Percentile by Number Answered
Your Score History
You have not taken this quiz